The sun / (Record no. 1997)

MARC details
000 -LEADER
fixed length control field 01369cam a2200313 a 4500
001 - CONTROL NUMBER
control field 1997
003 - CONTROL NUMBER IDENTIFIER
control field FISKH
005 - DATE AND TIME OF LATEST TRANSACTION
control field 20250820110758.0
008 - FIXED-LENGTH DATA ELEMENTS--GENERAL INFORMATION
fixed length control field 081113s2009 ilua j b 001 0 eng
010 ## - LIBRARY OF CONGRESS CONTROL NUMBER
LC control number 2008049205
020 ## - INTERNATIONAL STANDARD BOOK NUMBER
International Standard Book Number 9781432927448 (hc)
020 ## - INTERNATIONAL STANDARD BOOK NUMBER
International Standard Book Number 9781432957964
040 ## - CATALOGING SOURCE
Original cataloging agency DLC
Transcribing agency DLC
Modifying agency DLC
Language of cataloging eng
050 00 - LIBRARY OF CONGRESS CALL NUMBER
Classification number QB521.5
Item number .G85 2009
082 00 - DEWEY DECIMAL CLASSIFICATION NUMBER
Classification number 523.7
Edition number 22
100 1# - MAIN ENTRY--PERSONAL NAME
Personal name Guillain, Charlotte.
245 14 - TITLE STATEMENT
Title The sun /
Statement of responsibility, etc. Charlotte Guillain.
260 ## - PUBLICATION, DISTRIBUTION, ETC.
Place of publication, distribution, etc. Chicago :
Name of publisher, distributor, etc. Acorn,
Date of publication, distribution, etc. 2009.
300 ## - PHYSICAL DESCRIPTION
Extent 24 pages :
Other physical details color illustrations ;
Dimensions 18 × 21 cm
490 0# - SERIES STATEMENT
Series statement Space
505 0# - FORMATTED CONTENTS NOTE
Formatted contents note F<br/>
520 ## - SUMMARY, ETC.
Summary, etc. Read this book to find out about the Sun in our Solar System. Books in this series introduce children to outer space. Each book uses simple, repetitive text to teach children basic vocabulary, and includes stunning photographs and artwork to show the main features of our Solar System. In The Sun, children learn what the Sun is, what it is made of, and how it influences the planets in the Solar System.
521 8# - TARGET AUDIENCE NOTE
Target audience note 320<br/>
Source Lexile<br/>
521 8# - TARGET AUDIENCE NOTE
Target audience note F<br/>
Source Raz-Plus<br/>
651 #0 - SUBJECT ADDED ENTRY--GEOGRAPHIC NAME
Geographic name Sun
Form subdivision Juvenile literature.
906 ## - LOCAL DATA ELEMENT F, LDF (RLIN)
a 7
b cbc
c orignew
d 1
e ecip
f 20
g y-gencatlg
942 ## - ADDED ENTRY ELEMENTS (KOHA)
Source of classification or shelving scheme Dewey Decimal Classification
Koha item type Books
Suppress in OPAC No
Holdings
Withdrawn status Lost status Source of classification or shelving scheme Damaged status Not for loan Collection Home library Current library Shelving location Date acquired Total Checkouts Full call number Barcode Date last seen Date last checked out Price effective from Koha item type Copy number
    Dewey Decimal Classification     Non-Fiction Footprints International School Library Network Toul Kork Campus Footprints International School Library Network Toul Kork Campus TK Primary Library Room(4th Floor), Bookcase 7, Shelves 57-60, Dark Green Books 10/25/2023 2 GUI 523.7 QB521.G85 2023-0718 11/11/2025 09/04/2025 10/25/2023 Books  
    Dewey Decimal Classification     Non-Fiction Footprints International School Library Network Toul Tom Poung Campus Footprints International School Library Network Toul Tom Poung Campus TTP Primary Green Bookshelves 08/20/2025 6 GUI 523.7 QB521.G85 FISBK04357 03/19/2026 03/12/2026 08/20/2025 Books 2